|
|
|
|
| LEADER |
00000nam0a2200000 4500 |
| 001 |
234086 |
| 005 |
20231101231307.0 |
| 035 |
|
|
|a (RuTPU)RU\TPU\book\255175
|
| 090 |
|
|
|a 234086
|
| 100 |
|
|
|a 20130315d1960 km y0rusy50 ca
|
| 101 |
0 |
|
|a rus
|
| 102 |
|
|
|a RU
|
| 105 |
|
|
|a a z 000zb
|
| 200 |
1 |
|
|a Возникновение науки об электричестве в России. Исследования М. В. Ломоносова и Г. В. Рихмана
|f А. А. Елисеев
|
| 210 |
|
|
|a Москва
|a Ленинград
|c Госэнергоиздат
|d 1960
|
| 215 |
|
|
|a 272 с.
|c ил.
|
| 300 |
|
|
|a К 250-летию со дня рождения М. В. Ломоносова.
|
| 600 |
|
1 |
|a Ломоносов
|g Михаил Васильевич
|b М. В.
|c ученый-естествоиспытатель, поэт, историк, художник, деятель просвещения, науки и экономики
|f 1711-1765
|2 stltpush
|3 (RuTPU)RU\TPU\pers\975
|
| 600 |
|
1 |
|a Рихман
|b Г. В.
|f 1711-1753
|g Георг Вильгельм
|c российский физик
|c академик Петербургской АН
|2 stltpush
|3 (RuTPU)RU\TPU\pers\4086
|
| 606 |
1 |
|
|a Электричество, теория
|2 stltpush
|3 (RuTPU)RU\TPU\subj\27835
|9 51525
|
| 610 |
1 |
|
|a Россия
|
| 610 |
1 |
|
|a история
|
| 610 |
1 |
|
|a возникновение
|
| 610 |
1 |
|
|a развитие
|
| 610 |
1 |
|
|a открытия
|
| 610 |
1 |
|
|a исследования
|
| 610 |
1 |
|
|a персоналии
|
| 675 |
|
|
|a 537.1
|v 3
|
| 700 |
|
1 |
|a Елисеев
|b А. А.
|g Алексей Александрович
|
| 801 |
|
1 |
|a RU
|b 63413507
|c 20130315
|
| 801 |
|
2 |
|a RU
|b 63413507
|c 20130319
|g RCR
|
| 942 |
|
|
|c BK
|